000 01332nam a22002657a 4500
005 20170124103114.0
010 _aA-990617
020 _c250.00
035 _aA-990617
037 _bCen Lib/Ret
040 _aDPL
_bHN
082 _a410
_bसंस्कृत
245 _aसंस्कृत और संस्कृत /
_cसंपादक शिववंश पाण्डेय [एवं] रघुनाथ प्रसाद चतुर्वेदी
246 _aSanskrit aur sanskrit /
_bsampadak Shivvansh Pandey [evam] Raghunath Prasad Chaturvedi
260 _aबिहार
_bगारा चौबे संस्कृति संस्थान
_c1999
270 _bबिहार
_aकश्यपपूरी, हजारीबाग
_e825301
300 _a264पृ.
_c20सेमी(सजिल्द )
650 _aहिन्दी--भाषा
_x
_z
_980232
650 _aहिन्दी--भाषा--भारतीय संस्कृति
_980233
650 _aHindi--language
_99446
650 _aHindi--language--Indian culture
_980234
700 _aपाण्डेय, शिववंश
_980235
700 _aचतुर्वेदी, रघुनाथ प्रसाद
_980236
942 _2ddc
_cHN
_h410
_mसंस्कृत
999 _c118453
_d118453